Daily Country Riddle #33 - Statistics

General Stats
  • This quiz has been taken 319 times
  • The average score is 9 of 11
Answer Stats
Type Answer % Correct
Found Letter A
98%
Found Letter N
98%
Correctly Placed Letter N
95%
Correctly Placed Letter A
91%
Found Letter G
80%
Found Letter B
76%
Correctly Placed Letter G
76%
Found Letter O
75%
Correctly Placed Letter B
74%
Correctly Placed Letter O
74%
Mystery Country Gabon
73%
No matching quizzes found
Score Distribution
Percent of People with Each Score
Percentile by Number Answered
Your Score History
You have not taken this quiz